Divestiture of state enterprises : (Record no. 542579)
[ view plain ]
| 000 -LEADER | |
|---|---|
| fixed length control field | 00604fam a2200169 a 4500 |
| 020 ## - INTERNATIONAL STANDARD BOOK NUMBER | |
| International Standard Book Number | 0821322516 |
| 082 00 - DEWEY DECIMAL CLASSIFICATION NUMBER | |
| Classification number | 346/.067 |
| -- | 342.67 |
| 100 1# - MAIN ENTRY--PERSONAL NAME | |
| Personal name | Guislain, Pierre, |
| 9 (RLIN) | 37799 |
| 245 10 - TITLE STATEMENT | |
| Title | Divestiture of state enterprises : |
| Remainder of title | an overview of the legal framework / |
| Statement of responsibility, etc. | Pierre Guislain. |
| 260 ## - PUBLICATION, DISTRIBUTION, ETC. | |
| Place of publication, distribution, etc. | Washington, D.C. : |
| Name of publisher, distributor, etc. | World Bank, |
| Date of publication, distribution, etc. | 1992. |
| 300 ## - PHYSICAL DESCRIPTION | |
| Extent | x, 85 p. ; |
| Dimensions | 28 cm. |
| 490 1# - SERIES STATEMENT | |
| Series statement | World Bank technical paper, |
| 526 ## - STUDY PROGRAM INFORMATION NOTE | |
| Program name | 0 |
| Interest level | 0 |
| Reading level | 0 |
| Title point value | 346_067000000000000 |
| 650 #0 - SUBJECT ADDED ENTRY--TOPICAL TERM | |
| Topical term or geographic name entry element | Government business enterprises |
| General subdivision | Law and legislation. |
| 9 (RLIN) | 37800 |
| 650 #0 - SUBJECT ADDED ENTRY--TOPICAL TERM | |
| Topical term or geographic name entry element | Privatization |
| General subdivision | Law and legislation. |
| 9 (RLIN) | 37801 |
| 942 ## - ADDED ENTRY ELEMENTS (KOHA) | |
| Source of classification or shelving scheme | |
| Koha item type | Book |
| Withdrawn status | Lost status | Source of classification or shelving scheme | Damaged status | Not for loan | Permanent Location | Current Location | Date acquired | Total Checkouts | Full call number | Barcode | Date last seen | Price effective from | Koha item type |
|---|---|---|---|---|---|---|---|---|---|---|---|---|---|
| Military College of Engineering (MCE) | Military College of Engineering (MCE) | 02/03/2014 | 346/.067 | MCE-42494 | 02/03/2014 | 02/03/2014 | Book |
